Vista normal
Vista MARC
Entrada Corporate Name
Número de registros utilizados en: 1
001 - CONTROL NUMBER
- control field: 3226
003 - CONTROL NUMBER IDENTIFIER
- control field: OSt
005 - DATE AND TIME OF LATEST TRANSACTION
- control field: 20200420123010.0
008 - FIXED-LENGTH DATA ELEMENTS
- fixed length control field: 200420|| aca||aabn | a|a d
040 ## - CATALOGING SOURCE
- Original cataloging agency: OSt
- Transcribing agency: OSt
110 ## - HEADING--CORPORATE NAME
- Corporate name or jurisdiction name as entry element: Universidad de Navarra
670 ## - SOURCE DATA FOUND
- Source citation: Work cat.: (OSt)5204: Universidad de Navarra, Indicador de la sociedad de la información (ISI) everis IESE : , 2010